000 01207cam a2200325 a 4500
999 _c522507
_d522507
001 708088
003 NUST
005 20181030110525.0
008 970429s1998 nyua b 001 0 eng
010 _a 97014688
020 _a0415169518
020 _a0415169526 (pbk.)
038 _aWASEEM
040 _aDLC
_cDLC
_dDLC
043 _aaz-----
050 0 0 _aDS340
_b.B66 1998
082 0 0 _a954
_bBOS
100 1 _aBose, Sugata,
_d1956-
_912395
245 1 0 _aModern South Asia :
_bhistory, culture, political economy /
_cSugata Bose and Ayesha Jalal.
260 _aNew York :
_bRoutledge,
_c1998.
300 _ax, 303 p. :
_bill. ;
_c23 cm.
504 _aIncludes bibliographical references (p. [250]-281) and index.
590 _aIn English.
651 0 _aSouth Asia
_xHistory.
_912396
700 1 _aJalal, Ayesha.
_912397
856 4 2 _3Publisher description
_uhttp://www.loc.gov/catdir/enhancements/fy0909/97014688-d.html
906 _a7
_bcbc
_corignew
_d1
_eocip
_f19
_gy-gencatlg
942 _2ddc
_cBK